| 000 | 01840nam a2200301Ia 4500 | ||
|---|---|---|---|
| 001 | 18617 | ||
| 003 | GE_BSU | ||
| 008 | 181216s||||||||xx |||||||||||||| ||und|| | ||
| 020 | _a9789941460234 | ||
| 040 | _cGE_BSU | ||
| 080 | _a398.5(=353.1) | ||
| 100 | _aშიოშვილი,თინა | ||
| 245 | _aისტორიული სამხრეთ საქართველოს ზეპირსიტყვიერება Iშავშური ფოლკლორი. = Historial South Georgian Folklore. Shavshian folklore. | ||
| 245 | _bმონოგრაფია | ||
| 245 | _cრედ. პროფ. მამია ფაღავა | ||
| 250 | _aბათუმის შოთა რუსთაველის სახ-ფო უნ-ტი. იურიდიული ფაკ-ტი. სამართლის დეპ-ტი.ჰუმანიტარულ მეცნიერებათა ფაკულტეტი. ქართველოლოგიის ცენტრი. | ||
| 260 | _aბათუმი | ||
| 260 | _bს.ს. "გამომცემლობა აჭარა | ||
| 260 | _c2016 | ||
| 300 | _a542გვ.22სმ. | ||
| 300 | _eბიბლიოგრ.გვ.496 | ||
| 520 | _aპარალ. სათაური ინგლ. ენაზე. რეზიუმე ინგლ.ენაზე. | ||
| 653 | _aისტორიული სამხრეთ საქართველოს ზეპირსიტყვიერება | ||
| 653 | _aფოლკლორი. | ||
| 653 | _aშავშების ფოლკლორული შემოქმედება და ქართული წეს-ჩვეულებებ.ი | ||
| 653 | _aშავშური ფოლკლორი. | ||
| 942 | _cBK | ||
| 999 |
_c51626 _d51626 |
||